000 00304nam a2200121 a 4500
005 20140414132114.0
008 110824s19uu xx 00 eng d
050 _aER
_bW668 1993
100 _aDe La Touche, Grace
245 _aThe wild Swans.
260 _aLondon :
_bGrandreams,
_c1993.
999 _c114868
_d114868